[Event "LSS No Engine Cup 231 Preliminary 0"]
[Site "LSS email"]
[Date "2022.11.22"]
[Round "?"]
[White "Vogel, Helmut"]
[Black "Mostowik, Pawel"]
[Result "0-1"]
[WhiteElo "1758"]
[BlackElo "2137"]
[PlyCount "42"]
[EventDate "2022.11.22"]
[EventType "tourn (corr)"]
[EventRounds "6"]
[EventCountry "GER"]
[SourceTitle "Corr 2024"]
[Source "ChessBase"]
[SourceDate "2023.10.19"]
[SourceVersion "1"]
[SourceVersionDate "2023.10.19"]
[SourceQuality "1"]

1. f4 d5 2. Nf3 Nf6 3. e3 Bf5 4. Ne5 e6 5. Be2 Nbd7 6. Nf3 Bd6 7. Nc3 0-0 8. d3 a6 9. Bd2 Re8 10. d4 c5 11. a4 h6 12. a5 cxd4 13. Nxd4 Bg6 14. Nf3 Ne4 15. 0-0 Nxd2 16. Qxd2 Bb4 17. Bd3 Bh5 18. Be2 Bxa5 19. Nd4 Bxe2 20. Ndxe2 Rc8 21. Ra2 Qb6 0-1

[Event "LSS No Engine Cup 221 Preliminary 0"]
[Site "LSS email"]
[Date "2021.09.14"]
[Round "?"]
[White "Csaba, Fodor"]
[Black "Vogel, Helmut"]
[Result "1-0"]
[WhiteElo "1551"]
[BlackElo "1816"]
[PlyCount "57"]
[EventDate "2021.09.14"]
[EventType "tourn (corr)"]
[EventRounds "6"]
[EventCountry "GER"]
[SourceTitle "Corr 2024"]
[Source "ChessBase"]
[SourceDate "2023.10.19"]
[SourceVersion "1"]
[SourceVersionDate "2023.10.19"]
[SourceQuality "1"]

1. e4 e5 2. Nf3 Nc6 3. Bb5 a6 4. Ba4 Nf6 5. 0-0 Be7 6. Re1 b5 7. Bb3 d6 8. c3 0-0 9. h3 Na5 10. Bc2 c5 11. d4 Qc7 12. d5 Nb7 13. b3 Bd7 14. Be3 c4 15. b4 a5 16. a4 bxa4 17. Na3 Rab8 18. Nd2 axb4 19. cxb4 Nd8 20. Rb1 Ne8 21. Ndxc4 f5 22. exf5 Bxf5 23. Bxf5 Rxf5 24. Qxa4 Nf6 25. Na5 Bf8 26. Rec1 Qf7 27. Nc6 Nxc6 28. dxc6 d5 29. b5 1-0

[Event "LSS No Engine Cup 221 Preliminary 0"]
[Site "LSS email"]
[Date "2021.09.14"]
[Round "?"]
[White "Vogel, Helmut"]
[Black "Sheers, Matthew"]
[Result "0-1"]
[WhiteElo "1816"]
[BlackElo "2277"]
[PlyCount "86"]
[EventDate "2021.09.14"]
[EventType "tourn (corr)"]
[EventRounds "6"]
[EventCountry "GER"]
[SourceTitle "Corr 2024"]
[Source "ChessBase"]
[SourceDate "2023.10.19"]
[SourceVersion "1"]
[SourceVersionDate "2023.10.19"]
[SourceQuality "1"]

1. e4 e6 2. d4 d5 3. Nd2 dxe4 4. Nxe4 Nd7 5. Nf3 Ngf6 6. Nxf6+ Nxf6 7. Bd3 c5 8. dxc5 Qc7 9. Bb5+ Bd7 10. Bxd7+ Nxd7 11. b4 b6 12. 0-0 bxc5 13. b5 Bd6 14. Bb2 0-0 15. a4 c4 16. Bc3 Nb6 17. Qe2 Nd5 18. Be5 a6 19. g3 h6 20. Bxd6 Qxd6 21. Qe5 Qxe5 22. Nxe5 Rfc8 23. Kg2 Rc5 24. Nd7 Rc7 25. Ne5 f6 26. Nc6 e5 27. Rfe1 Kh7 28. Kf3 axb5 29. axb5 Rxa1 30. Rxa1 Rb7 31. Ra5 Nc3 32. Na7 Kg6 33. Ke3 Kf5 34. f3 Nd5+ 35. Ke2 Ke6 36. Kd2 Nc7 37. h3 h5 38. Ke3 Nd5+ 39. Kf2 Nb6 40. Nc6 Kd5 41. f4 exf4 42. gxf4 Kc5 43. Kf3 Rd7 0-1

[Event "LSS No Engine Cup 221 Preliminary 0"]
[Site "LSS email"]
[Date "2021.09.14"]
[Round "?"]
[White "Vogel, Helmut"]
[Black "Tylecek, Drahomir"]
[Result "1-0"]
[WhiteElo "1816"]
[BlackElo "1412"]
[PlyCount "47"]
[EventDate "2021.09.14"]
[EventType "tourn (corr)"]
[EventRounds "6"]
[EventCountry "GER"]
[SourceTitle "Corr 2024"]
[Source "ChessBase"]
[SourceDate "2023.10.19"]
[SourceVersion "1"]
[SourceVersionDate "2023.10.19"]
[SourceQuality "1"]

1. e4 e5 2. Nf3 Nc6 3. Bb5 f5 4. Nc3 Nf6 5. Qe2 Bb4 6. exf5 Bxc3 7. dxc3 0-0 8. Be3 d5 9. 0-0-0 Bxf5 10. Bxc6 bxc6 11. Nxe5 Qd6 12. f4 Rfb8 13. Rhf1 Ne4 14. Qa6 c5 15. Qc6 Nf6 16. Qxc5 Qa6 17. a3 Qb7 18. b3 Qa6 19. a4 Rb6 20. g4 Be4 21. g5 Ne8 22. f5 Rab8 23. Qe7 Nd6 24. f6 1-0

[Event "SE-2021-0-00330"]
[Site "LSS email"]
[Date "2021.09.09"]
[Round "?"]
[White "Vogel, Helmut"]
[Black "Obrien, Glenn"]
[Result "1/2-1/2"]
[WhiteElo "1325"]
[BlackElo "1294"]
[PlyCount "77"]
[EventDate "2021.03.09"]
[EventType "tourn (corr)"]
[EventRounds "6"]
[EventCountry "GER"]
[SourceTitle "Corr 2024"]
[Source "ChessBase"]
[SourceDate "2023.10.19"]
[SourceVersion "1"]
[SourceVersionDate "2023.10.19"]
[SourceQuality "1"]

1. e4 e5 2. Nf3 Nc6 3. Bb5 a6 4. Ba4 Nf6 5. 0-0 Be7 6. Re1 b5 7. Bb3 0-0 8. c3 d6 9. h3 Na5 10. Bc2 c5 11. d4 Qc7 12. d5 Bd7 13. b3 Nb7 14. Nbd2 g6 15. Bb2 Nh5 16. c4 Na5 17. cxb5 axb5 18. Qe2 Nf4 19. Qe3 f5 20. a3 fxe4 21. Bxe4 Bf5 22. Rac1 Bxe4 23. Qxe4 Ra7 24. b4 Nb7 25. Kh2 Qd7 26. Rc2 Qf5 27. Rd1 Ra4 28. Qxf5 Rxf5 29. Nf1 e4 30. Re1 exf3 31. Rxe7 fxg2 32. Ne3 Rg5 33. Ng4 h5 34. Bc1 hxg4 35. Bxf4 Rf5 36. Rxb7 Rxf4 37. bxc5 dxc5 38. h4 Rxf2 39. Rxf2 1/2-1/2

[Event "LSS No Engine Cup 216 Preliminary 0"]
[Site "LSS email"]
[Date "2021.04.11"]
[Round "?"]
[White "Vogel, Helmut"]
[Black "Schnoewitz, Brigitte"]
[Result "1-0"]
[WhiteElo "1809"]
[BlackElo "1238"]
[PlyCount "75"]
[EventDate "2021.04.11"]
[EventType "tourn (corr)"]
[EventRounds "6"]
[EventCountry "GER"]
[SourceTitle "Corr 2024"]
[Source "ChessBase"]
[SourceDate "2023.10.19"]
[SourceVersion "1"]
[SourceVersionDate "2023.10.19"]
[SourceQuality "1"]

1. e4 c5 2. Nf3 a6 3. Nc3 Nc6 4. g3 d6 5. Bg2 e6 6. d3 Be7 7. 0-0 Nf6 8. a3 0-0 9. h3 b5 10. Nh2 Bb7 11. f4 e5 12. Nd5 Nxd5 13. exd5 Na7 14. fxe5 dxe5 15. d6 Bxg2 16. dxe7 Qxe7 17. Kxg2 Rad8 18. Qe2 Nc6 19. Nf3 Qb7 20. Be3 Nd4 21. Bxd4 exd4 22. Rae1 Qc6 23. Qe4 Qc8 24. Ng5 Qa8 25. Qxa8 Rxa8 26. Re7 f6 27. Ne6 Rf7 28. Rxf7 Kxf7 29. Nxc5 a5 30. Nb3 b4 31. Nxd4 bxa3 32. bxa3 Rc8 33. a4 Rc3 34. Rf5 g6 35. Rxa5 Ra3 36. Ra7+ Kg8 37. Kf3 Ra1 38. a5 1-0

[Event "LSS No Engine Cup 214 Preliminary 0"]
[Site "LSS email"]
[Date "2021.02.17"]
[Round "?"]
[White "Maly, Marian"]
[Black "Vogel, Helmut"]
[Result "0-1"]
[WhiteElo "1176"]
[BlackElo "1823"]
[PlyCount "52"]
[EventDate "2021.02.17"]
[EventType "tourn (corr)"]
[EventRounds "6"]
[EventCountry "GER"]
[SourceTitle "Corr 2024"]
[Source "ChessBase"]
[SourceDate "2023.10.19"]
[SourceVersion "1"]
[SourceVersionDate "2023.10.19"]
[SourceQuality "1"]

1. d4 d5 2. Bf4 c6 3. e3 Nf6 4. Bd3 Qb6 5. b3 Bg4 6. f3 Bd7 7. Be5 c5 8. Nc3 Bc6 9. dxc5 Qxc5 10. Bd4 Qa5 11. a3 Nbd7 12. b4 Qc7 13. Qe2 b6 14. e4 e5 15. Bf2 d4 16. Nb5 Bxb5 17. Bxb5 Qc3+ 18. Kf1 Qxa1+ 19. Be1 a5 20. Qc4 axb4 21. Bxd7+ Nxd7 22. Nh3 Qxa3 23. Ng5 Qa2 24. Qb3 Qxb3 25. cxb3 Ra1 26. h4 d3 0-1

[Event "LSS No Engine Cup 212 Preliminary 0"]
[Site "LSS email"]
[Date "2021.01.05"]
[Round "?"]
[White "Vogel, Helmut"]
[Black "Herzog, Agnes"]
[Result "0-1"]
[WhiteElo "1827"]
[BlackElo "2192"]
[PlyCount "44"]
[EventDate "2021.01.05"]
[EventType "tourn (corr)"]
[EventRounds "6"]
[EventCountry "GER"]
[SourceTitle "Corr 2022"]
[Source "ChessBase"]
[SourceDate "2021.10.24"]
[SourceVersion "1"]
[SourceVersionDate "2021.10.24"]
[SourceQuality "1"]

1. e4 e5 2. Nf3 Nc6 3. Bc4 Bc5 4. 0-0 Nf6 5. d4 Bxd4 6. Nxd4 Nxd4 7. f4 d6 8. fxe5 dxe5 9. Bg5 Qe7 10. Na3 Rg8 11. Qd3 Bd7 12. Be3 0-0-0 13. Bxd4 exd4 14. Qxd4 Kb8 15. Bd3 Be6 16. Qc3 Qd6 17. h3 Bxh3 18. e5 Qb6+ 19. Kh2 Nd5 20. Qb3 Be6 21. Qxb6 Nxb6 22. Kg3 g6 0-1

[Event "LSS No Engine Cup 201 Preliminary 0"]
[Site "LSS email"]
[Date "2020.03.17"]
[Round "?"]
[White "Shim Ng Min, Francis"]
[Black "Vogel, Helmut"]
[Result "1-0"]
[WhiteElo "1461"]
[BlackElo "1818"]
[PlyCount "39"]
[EventDate "2020.03.17"]
[EventType "tourn (corr)"]
[EventRounds "6"]
[EventCountry "GER"]
[SourceTitle "Corr 2022"]
[Source "ChessBase"]
[SourceDate "2021.10.24"]
[SourceVersion "1"]
[SourceVersionDate "2021.10.24"]
[SourceQuality "1"]

1. e4 e5 2. Nf3 Nc6 3. Bb5 a6 4. Ba4 Nf6 5. 0-0 Be7 6. c4 0-0 7. d3 d6 8. h3 Bd7 9. Nc3 Nd4 10. Bxd7 Nxd7 11. Nd5 c6 12. Nxe7+ Qxe7 13. Be3 Nxf3+ 14. Qxf3 Rad8 15. Qg3 Qf6 16. Bg5 Qg6 17. Bxd8 Qxg3 18. fxg3 Rxd8 19. b4 Nf8 20. a4 1-0

[Event "LSS No Engine Cup 201 Preliminary 0"]
[Site "LSS email"]
[Date "2020.03.17"]
[Round "?"]
[White "Zmolil, Karel"]
[Black "Vogel, Helmut"]
[Result "0-1"]
[WhiteElo "1370"]
[BlackElo "1818"]
[PlyCount "24"]
[EventDate "2020.03.17"]
[EventType "tourn (corr)"]
[EventRounds "6"]
[EventCountry "GER"]
[SourceTitle "Corr 2022"]
[Source "ChessBase"]
[SourceDate "2021.10.24"]
[SourceVersion "1"]
[SourceVersionDate "2021.10.24"]
[SourceQuality "1"]

1. e4 e5 2. Nf3 Nc6 3. d4 exd4 4. Nxd4 Nf6 5. Nxc6 bxc6 6. Bd3 d6 7. 0-0 g6 8. Bg5 Bg7 9. f4 0-0 10. e5 dxe5 11. fxe5 Qd4+ 12. Kh1 Ng4 0-1

[Event "SD-2020-0-00307"]
[Site "LSS email"]
[Date "2020.01.19"]
[Round "?"]
[White "Vogel, Helmut"]
[Black "Guralivu, Paul Iosif"]
[Result "1-0"]
[WhiteElo "1415"]
[BlackElo "1323"]
[PlyCount "23"]
[EventDate "2019.08.22"]
[EventType "tourn (corr)"]
[EventRounds "6"]
[EventCountry "GER"]
[SourceTitle "Corr 2022"]
[Source "ChessBase"]
[SourceDate "2021.10.24"]
[SourceVersion "1"]
[SourceVersionDate "2021.10.24"]
[SourceQuality "1"]

1. e4 c5 2. Nf3 d6 3. d4 cxd4 4. Nxd4 Nf6 5. Nc3 a6 6. Be3 e5 7. Nb3 Be6 8. Be2 Be7 9. 0-0 Nbd7 10. f3 0-0 11. Nd5 Nxd5 12. exd5 1-0

[Event "SD-2019-0-00306"]
[Site "LSS email"]
[Date "2019.12.27"]
[Round "?"]
[White "Dogan, Ahmet"]
[Black "Vogel, Helmut"]
[Result "1-0"]
[WhiteElo "1707"]
[BlackElo "1442"]
[PlyCount "83"]
[EventDate "2019.07.29"]
[EventType "tourn (corr)"]
[EventRounds "6"]
[EventCountry "GER"]
[SourceTitle "Corr 2022"]
[Source "ChessBase"]
[SourceDate "2021.10.24"]
[SourceVersion "1"]
[SourceVersionDate "2021.10.24"]
[SourceQuality "1"]

1. d4 d5 2. Nf3 e6 3. c4 Nf6 4. Nc3 Be7 5. Bf4 0-0 6. Qc2 c6 7. e3 Nbd7 8. Bd3 Re8 9. 0-0 dxc4 10. Bxc4 Nb6 11. Bd3 Nbd5 12. Nxd5 exd5 13. h3 g6 14. Rac1 Ne4 15. Nd2 Nd6 16. Nb3 Bf5 17. Nc5 Bxd3 18. Qxd3 b6 19. Bxd6 Bxd6 20. Nb7 Qd7 21. Nxd6 Qxd6 22. Rc3 Re7 23. Rfc1 Rc8 24. a3 Kg7 25. b4 Rec7 26. Qc2 Qd7 27. g4 h6 28. Kg2 Qe8 29. Qe2 Qe6 30. Qf3 Re7 31. h4 Qd7 32. g5 hxg5 33. hxg5 Re4 34. Kf1 Re6 35. Qg4 a6 36. Kg2 Qc7 37. Rh1 Ree8 38. Rcc1 Rh8 39. Qf3 Qd8 40. Qf6+ Qxf6 41. gxf6+ Kg8 42. Rxh8+ 1-0

[Event "LSS No Engine Cup 195 Preliminary 0"]
[Site "LSS email"]
[Date "2019.11.12"]
[Round "?"]
[White "Brough, Carl"]
[Black "Vogel, Helmut"]
[Result "0-1"]
[WhiteElo "933"]
[BlackElo "1856"]
[PlyCount "62"]
[EventDate "2019.11.13"]
[EventType "tourn (corr)"]
[EventRounds "6"]
[EventCountry "GER"]
[SourceTitle "Corr 2022"]
[Source "ChessBase"]
[SourceDate "2021.10.24"]
[SourceVersion "1"]
[SourceVersionDate "2021.10.24"]
[SourceQuality "1"]

1. d4 d5 2. c4 e6 3. Nf3 Nf6 4. c5 Bd7 5. Nc3 b6 6. b4 a5 7. Ba3 axb4 8. Bxb4 Na6 9. a3 bxc5 10. dxc5 Nxc5 11. e3 Bd6 12. Bb5 Nce4 13. Bxd7+ Qxd7 14. Nxe4 Nxe4 15. 0-0 c5 16. Bd2 0-0 17. Qc2 Rfb8 18. h3 c4 19. Bc3 Rb3 20. Bb2 Rab8 21. Ra2 c3 22. Ba1 Rxa3 23. Rxa3 Bxa3 24. Rb1 Rxb1+ 25. Qxb1 Qa4 26. Ne1 Bd6 27. Nc2 h5 28. Nd4 e5 29. Nb5 c2 30. Qc1 Bb4 31. Bxe5 Bd2 0-1

[Event "LSS No Engine Cup 195 Preliminary 0"]
[Site "LSS email"]
[Date "2019.11.12"]
[Round "?"]
[White "Ilyin, Igor"]
[Black "Vogel, Helmut"]
[Result "0-1"]
[WhiteElo "1684"]
[BlackElo "1856"]
[PlyCount "72"]
[EventDate "2019.11.13"]
[EventType "tourn (corr)"]
[EventRounds "6"]
[EventCountry "GER"]
[SourceTitle "Corr 2022"]
[Source "ChessBase"]
[SourceDate "2021.10.24"]
[SourceVersion "1"]
[SourceVersionDate "2021.10.24"]
[SourceQuality "1"]

1. e4 e5 2. Nf3 Nc6 3. Bb5 a6 4. Ba4 Nf6 5. 0-0 Be7 6. Re1 b5 7. Bb3 0-0 8. c3 d6 9. h3 Nb8 10. d4 Nbd7 11. Nbd2 Bb7 12. Bc2 Re8 13. Nf1 Bf8 14. Ng3 g6 15. a4 c5 16. d5 c4 17. Bg5 Bg7 18. Qd2 Qe7 19. Kh2 Rec8 20. Nh4 Nc5 21. f4 h6 22. fxe5 hxg5 23. exf6 Bxf6 24. Nf3 Nd7 25. Re2 Ne5 26. Nd4 bxa4 27. Bxa4 g4 28. Rf1 Bg5 29. Qc2 Rab8 30. Ref2 Bh6 31. Bc6 Qh4 32. Rf6 gxh3 33. Rxd6 Ng4+ 34. Kg1 Qxg3 35. Rff6 Qe1+ 36. Rf1 h2+ 0-1

[Event "LSS No Engine Cup 195 Preliminary 0"]
[Site "LSS email"]
[Date "2019.11.12"]
[Round "?"]
[White "Sofia, Gerardo"]
[Black "Vogel, Helmut"]
[Result "1-0"]
[WhiteElo "1965"]
[BlackElo "1856"]
[PlyCount "43"]
[EventDate "2019.11.13"]
[EventType "tourn (corr)"]
[EventRounds "6"]
[EventCountry "GER"]
[SourceTitle "Corr 2022"]
[Source "ChessBase"]
[SourceDate "2021.10.24"]
[SourceVersion "1"]
[SourceVersionDate "2021.10.24"]
[SourceQuality "1"]

1. e4 e5 2. Nf3 Nc6 3. Bc4 Bc5 4. c3 Nf6 5. d4 exd4 6. e5 d5 7. Bb5 Ne4 8. cxd4 Bb4+ 9. Bd2 Bxd2+ 10. Nbxd2 Bd7 11. Bxc6 Bxc6 12. 0-0 0-0 13. Qc2 Qe7 14. Rac1 a5 15. a3 a4 16. Rfe1 Rfd8 17. h3 Ra6 18. Nf1 Rf8 19. Ne3 h5 20. Nf5 Qe6 21. N3h4 g6 22. f3 1-0

[Event "RD-2019-0-00155"]
[Site "LSS email"]
[Date "2019.07.06"]
[Round "?"]
[White "Pech, Stepan"]
[Black "Vogel, Helmut"]
[Result "1-0"]
[WhiteElo "1691"]
[BlackElo "1457"]
[PlyCount "65"]
[EventDate "2019.03.27"]
[EventType "tourn (corr)"]
[EventRounds "6"]
[EventCountry "GER"]
[SourceTitle "Corr 2022"]
[Source "ChessBase"]
[SourceDate "2021.10.24"]
[SourceVersion "1"]
[SourceVersionDate "2021.10.24"]
[SourceQuality "1"]

1. c4 e5 2. Nc3 Nc6 3. Nf3 Nf6 4. g3 Bb4 5. Bg2 0-0 6. 0-0 d6 7. Nd5 Bc5 8. e3 a6 9. d4 Ba7 10. dxe5 dxe5 11. b3 Be6 12. Ba3 Re8 13. Ng5 Bf5 14. Qf3 Bg6 15. Nxf6+ Qxf6 16. Qxf6 gxf6 17. Ne4 Kg7 18. Nc3 Bb6 19. Nd5 Rad8 20. Rad1 e4 21. h3 Rc8 22. g4 h6 23. Nf4 Ba5 24. Bb2 Bb6 25. Nxg6 Kxg6 26. Rd5 Re6 27. Rf5 Rce8 28. h4 Nb4 29. Rd1 Kg7 30. g5 Nd3 31. Bxf6+ Kg6 32. Bh3 hxg5 33. hxg5 1-0

[Event "RD-2019-0-00155"]
[Site "LSS email"]
[Date "2019.07.06"]
[Round "?"]
[White "Rost, Bernd"]
[Black "Vogel, Helmut"]
[Result "1-0"]
[WhiteElo "1748"]
[BlackElo "1457"]
[PlyCount "75"]
[EventDate "2019.03.27"]
[EventType "tourn (corr)"]
[EventRounds "6"]
[EventCountry "GER"]
[SourceTitle "Corr 2022"]
[Source "ChessBase"]
[SourceDate "2021.10.24"]
[SourceVersion "1"]
[SourceVersionDate "2021.10.24"]
[SourceQuality "1"]

1. e4 e5 2. Nf3 Nc6 3. Bc4 Bc5 4. c3 Nf6 5. d3 a6 6. a4 0-0 7. 0-0 d6 8. b4 Ba7 9. Nbd2 h6 10. Re1 Ne7 11. a5 Ng6 12. Nf1 c6 13. Be3 Bxe3 14. Nxe3 Ng4 15. d4 Nxe3 16. Rxe3 Bg4 17. h3 exd4 18. cxd4 Be6 19. Bxe6 fxe6 20. g3 Qe7 21. Qe2 Qf7 22. h4 Ne7 23. Ne1 Rac8 24. Nd3 Qf6 25. Qa2 Kh7 26. Rd1 Qf7 27. Nf4 d5 28. Qd2 Rfe8 29. Rde1 Rcd8 30. exd5 Nxd5 31. Nxe6 Nxe3 32. Nxd8 Rxd8 33. Qxe3 Qc4 34. Qe4+ Kg8 35. Qe7 Qxd4 36. Qxb7 Rf8 37. Rf1 Qc4 38. Qe7 1-0

[Event "RD-2019-0-00155"]
[Site "LSS email"]
[Date "2019.07.06"]
[Round "?"]
[White "Vogel, Helmut"]
[Black "Schleef, Harald"]
[Result "0-1"]
[WhiteElo "1457"]
[BlackElo "1200"]
[PlyCount "56"]
[EventDate "2019.03.27"]
[EventType "tourn (corr)"]
[EventRounds "6"]
[EventCountry "GER"]
[SourceTitle "Corr 2022"]
[Source "ChessBase"]
[SourceDate "2021.10.24"]
[SourceVersion "1"]
[SourceVersionDate "2021.10.24"]
[SourceQuality "1"]

1. e4 e5 2. Nf3 Nf6 3. Nc3 Nc6 4. Bb5 Bb4 5. 0-0 0-0 6. h3 Bxc3 7. dxc3 d6 8. Qe2 Ne7 9. Bc4 h6 10. Rd1 Ng6 11. Be3 b6 12. Nd2 Bb7 13. Bd3 d5 14. Ba6 Bxa6 15. Qxa6 Qd7 16. exd5 Nxd5 17. Nf3 Qc6 18. Qe2 f5 19. c4 Nxe3 20. fxe3 e4 21. Nd2 Rae8 22. Rf1 Kh7 23. Rad1 f4 24. Rde1 Qd7 25. Kh2 c5 26. exf4 e3 27. Nb1 Nxf4 28. Qg4 Qd4 0-1

[Event "RD-2019-0-00155"]
[Site "LSS email"]
[Date "2019.07.06"]
[Round "?"]
[White "Vogel, Helmut"]
[Black "Sofia, Gerardo"]
[Result "0-1"]
[WhiteElo "1457"]
[BlackElo "1570"]
[PlyCount "82"]
[EventDate "2019.03.27"]
[EventType "tourn (corr)"]
[EventRounds "6"]
[EventCountry "GER"]
[SourceTitle "Corr 2022"]
[Source "ChessBase"]
[SourceDate "2021.10.24"]
[SourceVersion "1"]
[SourceVersionDate "2021.10.24"]
[SourceQuality "1"]

1. e4 e6 2. d4 d5 3. Nd2 c5 4. Ngf3 cxd4 5. exd5 Qxd5 6. Bc4 Qd6 7. 0-0 Nf6 8. Nb3 Nc6 9. Nbxd4 Nxd4 10. Nxd4 Be7 11. Nf3 0-0 12. Qxd6 Bxd6 13. Rd1 Bc7 14. Bg5 h6 15. Bxf6 gxf6 16. g3 e5 17. Kg2 Bg4 18. h3 Bf5 19. Bd5 Rad8 20. c4 Bc8 21. b4 f5 22. Nd2 Kg7 23. Rac1 e4 24. a3 h5 25. h4 Rfe8 26. Re1 Be6 27. Bxe6 Rxe6 28. Nb3 Ra6 29. Ra1 Be5 30. Ra2 Rg6 31. Rae2 Bc3 32. Rf1 Be5 33. Rfe1 b6 34. Rd2 Rxd2 35. Nxd2 Bb2 36. Nb1 Kf6 37. Re2 Be5 38. Nd2 Ke6 39. Nf1 Rg8 40. Rc2 f4 41. Kh3 f3 0-1

[Event "RD-2019-0-00153"]
[Site "LSS email"]
[Date "2019.05.11"]
[Round "?"]
[White "Vogel, Helmut"]
[Black "Schleef, Harald"]
[Result "1/2-1/2"]
[WhiteElo "1464"]
[BlackElo "1200"]
[PlyCount "91"]
[EventDate "2019.01.24"]
[EventType "tourn (corr)"]
[EventRounds "6"]
[EventCountry "GER"]
[SourceTitle "Corr 2022"]
[Source "ChessBase"]
[SourceDate "2021.10.24"]
[SourceVersion "1"]
[SourceVersionDate "2021.10.24"]
[SourceQuality "1"]

1. e4 Nf6 2. e5 Nd5 3. d4 d6 4. Nf3 dxe5 5. c4 Nb6 6. Nxe5 Nc6 7. Nxc6 bxc6 8. Be3 Be6 9. b3 g6 10. Nd2 Bg7 11. Nf3 0-0 12. Be2 Bf5 13. 0-0 Qc8 14. Qd2 Rd8 15. Qa5 Qb7 16. Rad1 Rab8 17. h3 Re8 18. Ne5 f6 19. Nd3 Nd7 20. Rfe1 e6 21. c5 e5 22. dxe5 fxe5 23. a3 Nf6 24. Nc1 Nd5 25. Bc4 Bc2 26. Rd2 Bf5 27. Nd3 Be6 28. Rde2 e4 29. Bd2 e3 30. fxe3 Nf6 31. Ba6 Qxb3 32. Bc3 Rbd8 33. e4 Bc8 34. Rb2 Qe6 35. Bxc8 Rxc8 36. Ne5 Nd7 37. Nxd7 Qxd7 38. Rd2 Bxc3 39. Qxc3 Qe6 40. e5 Qf7 41. Rde2 Re6 42. Rf2 Qd7 43. Kh2 Rce8 44. a4 Qe7 45. Rfe2 Rd8 46. Qa5 1/2-1/2

[Event "RD-2019-0-00153"]
[Site "LSS email"]
[Date "2019.05.06"]
[Round "?"]
[White "Sofia, Gerardo"]
[Black "Vogel, Helmut"]
[Result "1/2-1/2"]
[WhiteElo "1552"]
[BlackElo "1464"]
[PlyCount "75"]
[EventDate "2019.01.24"]
[EventType "tourn (corr)"]
[EventRounds "6"]
[EventCountry "GER"]
[SourceTitle "Corr 2022"]
[Source "ChessBase"]
[SourceDate "2021.10.24"]
[SourceVersion "1"]
[SourceVersionDate "2021.10.24"]
[SourceQuality "1"]

1. e4 e5 2. Nf3 Nc6 3. Bc4 Bc5 4. Nc3 a6 5. d3 Nf6 6. Bg5 Be7 7. 0-0 d6 8. h3 0-0 9. a4 Be6 10. Bxe6 fxe6 11. d4 exd4 12. Nxd4 Qd7 13. a5 h6 14. Be3 Rad8 15. Re1 d5 16. exd5 Nxd4 17. Bxd4 exd5 18. Na4 Rfe8 19. Nc5 Bxc5 20. Bxc5 Rxe1+ 21. Qxe1 Re8 22. Qb4 Qc6 23. Be3 Re4 24. Qd2 Qe8 25. c3 c6 26. Re1 c5 27. f3 Re6 28. Bf2 Rxe1+ 29. Bxe1 Qb5 30. Bh4 g5 31. Bf2 Kf7 32. b4 cxb4 33. cxb4 Qc4 34. Bc5 Nd7 35. Be3 Nf6 36. Qb2 Nh5 37. Qe5 Nf6 38. Qb2 1/2-1/2

[Event "RD-2019-0-00153"]
[Site "LSS email"]
[Date "2019.05.03"]
[Round "?"]
[White "Vogel, Helmut"]
[Black "Alonso Higelmo, Maria Isabel"]
[Result "1-0"]
[WhiteElo "1464"]
[BlackElo "1598"]
[PlyCount "41"]
[EventDate "2019.01.24"]
[EventType "tourn (corr)"]
[EventRounds "6"]
[EventCountry "GER"]
[SourceTitle "Corr 2022"]
[Source "ChessBase"]
[SourceDate "2021.10.24"]
[SourceVersion "1"]
[SourceVersionDate "2021.10.24"]
[SourceQuality "1"]

1. e4 c5 2. Nf3 e6 3. d4 cxd4 4. Nxd4 a6 5. Bd3 Nc6 6. Nxc6 bxc6 7. 0-0 d5 8. Re1 Nf6 9. e5 Nd7 10. Nd2 Bc5 11. Nb3 Ba7 12. Qg4 Kf8 13. Bd2 c5 14. c4 d4 15. Bg5 Qc7 16. Qh4 Nxe5 17. Bd8 Qd6 18. Rxe5 Bb7 19. Na5 Rb8 20. Nxb7 Rxb7 21. Rae1 1-0

[Event "LSS No Engine Cup 187 Preliminary 0"]
[Site "LSS email"]
[Date "2019.02.11"]
[Round "?"]
[White "Molina, Vicente Andres"]
[Black "Vogel, Helmut"]
[Result "0-1"]
[WhiteElo "1013"]
[BlackElo "1870"]
[PlyCount "36"]
[EventDate "2019.02.12"]
[EventType "tourn (corr)"]
[EventRounds "6"]
[EventCountry "GER"]
[SourceTitle "Corr 2022"]
[Source "ChessBase"]
[SourceDate "2021.10.24"]
[SourceVersion "1"]
[SourceVersionDate "2021.10.24"]
[SourceQuality "1"]

1. e4 e5 2. Nf3 Nc6 3. Bb5 a6 4. Bc4 Nf6 5. Nc3 Bc5 6. Nxe5 Nxe5 7. Be2 Bb4 8. d4 Ng6 9. 0-0 Bxc3 10. bxc3 Nxe4 11. Bb2 d5 12. c4 0-0 13. Bf3 Re8 14. cxd5 Qxd5 15. c4 Qg5 16. d5 Nh4 17. Bxe4 Rxe4 18. Re1 Qxg2# 0-1

[Event "LSS No Engine Cup 187 Preliminary 0"]
[Site "LSS email"]
[Date "2019.02.11"]
[Round "?"]
[White "Vogel, Helmut"]
[Black "Ranalli, Emmanuel"]
[Result "1-0"]
[WhiteElo "1870"]
[BlackElo "1457"]
[PlyCount "39"]
[EventDate "2019.02.12"]
[EventType "tourn (corr)"]
[EventRounds "6"]
[EventCountry "GER"]
[SourceTitle "Corr 2022"]
[Source "ChessBase"]
[SourceDate "2021.10.24"]
[SourceVersion "1"]
[SourceVersionDate "2021.10.24"]
[SourceQuality "1"]

1. f4 d5 2. Nf3 c5 3. e3 Nc6 4. Bb5 a6 5. Bxc6+ bxc6 6. Ne5 Qc7 7. 0-0 g6 8. c4 Nf6 9. Qa4 Bd7 10. Qa3 Qd6 11. d3 Bg7 12. Nc3 0-0 13. Na4 Ng4 14. Nxd7 Qxd7 15. Nb6 Qf5 16. Nxa8 Rxa8 17. Qxc5 Qxd3 18. h3 Nf6 19. Qxc6 Rf8 20. a4 1-0